000
00340pam a2200157a 44500
008
230515b1981 xxu||||| |||| 00| 0 eng d
020
_a
NULL
041
_a
ENGLISH
082
_a
N.D.
100
_a
Schaums Series
245
_a
Complex Variables
250
_a
0
260
_a
NULL
_b
Mcgraw Hill
_c
1981
300
_a
313
650
_a
NULL
999
_c
570731
_d
570731